=LDR 00000nam 2200000 4500 =001 INLIS000000000007794 =005 20130612095733 =008 ***********************************Ind** =035 ##$$0010-061300000007794 =041 ##$$a Ind =082 ##$$a 813 =090 ##$$a 813, Sat s =100 ##$$a SATI, Tulis Sutan =245 ##$$a Sengsara membawa nikmat, Tulis Sutan Sati =260 ##$$a 2001 $b Jakarta =300 ##$$a 192 hlm., ilus., 21 cm =650 ##$$a Fiksi Indonesia